000 00484nab a22001577 4500
003 ES-SlBCS
005 20211023011008.0
008 181204s2018 sp ||||| |||| 00| 0 spa d
040 _aES-SlBCS
_bspa
041 _aspa
100 1 _aBoff, Leonardo
_d1938-
_94027
245 1 3 _aLa ecología y la teología de la naturaleza
_cLeonardo Boff, Mark Hathaway
700 _aHathaway, Mark
_9114002
773 0 _gNúm. 378, 2018, págs. 49-62
_tConcilium
_wRev134
_x0210-1041
942 _2lcc
_cAR
999 _c477385
_d477385